01247cam a22002773a 4500001000500000005001700005008004100022020002200063040004000085050001400125082000800139100002500147245003700172260003500209300004000244490002500284500002600309505000900335520046800344521002000812521002000832650002100852650003700873655003100910655002800941124120230821152130.0990615s1999 nyua j 000 1 eng d a0439070317 (pbk.) aZABcZABdSLCdOCLdOCLCQdDLCbeng00aPZ7.A6483 aFic1 aApplegate, Katherine14aThe conspiracy /cK.A. Applegate aNew York :bScholastic,c1999. a139 pages :bIllustrations ;c20 cm1 aAnimorphs ;vBook 31 a"An Apple paperback." aN  aAnimorphs RM is an exciting series for young adult readers about five teens who are given the power to morph into any animal they touch and then to absorb its DNA. This power is granted them by a dying Andalite alien named Elfangor, who also warns the teens that Earth is being threatened secretly by a group of aliens called Yeerks. This high-interest series is currently a successful television show and will be sure to intrigue even the most reluctant readers. a560 bLexile  aN bRaz-Plus  0aScience fiction. 0aMetamorphosisvJuvenile fiction. 7aYoung adult fiction.2lcsh 7aFantasy fiction.2gsafd